000 00690nam a2200229 a 4500
001 000026134
005 20200930024330.0
008 110302s1980 ag r 000 0 spa d
040 _aDO-SdBNP
_bspa
_cBNPHU
041 1 7 _aspa
_heng
_2Código de idiomas MARC
082 _ann*
_bnn*
100 1 _aSilk, Leonard.
_953102
240 1 4 _aThe economists.
_lEspañol
245 1 4 _aLos economistas /
_cLeonard Silk ; traducción de Daniel Londes.
260 _aBuenos Aires :
_bMarymar,
_c1980.
300 _a227 p. ;
_c23 cm.
490 1 _aEconomía
534 _aTítulo del original :
_tThe economists
700 1 _aLondes, Daniel,
_etr.
_953103
830 0 _aEconomía
_92914
049 _aBNGR
999 _c25626
_d25626